[Event "BRA-ch U20"]
[Site "Campinas"]
[Date "2011.04.22"]
[Round "4"]
[White "Barbosa, Evandro Amorim"]
[Black "Caetano, Hugo Zanotti Mendon"]
[Result "1-0"]
[WhiteElo "2319"]
[BlackElo "2038"]
[PlyCount "89"]
[EventDate "2011.04.21"]
[EventType "swiss"]
[EventRounds "8"]
[EventCountry "BRA"]
[SourceTitle "CBM 142 Extra"]
[Source "ChessBase"]
[SourceDate "2011.06.27"]
[SourceVersion "1"]
[SourceVersionDate "2011.06.27"]
[SourceQuality "1"]

1. d4 d5 2. c4 e6 3. Nc3 Nf6 4. Nf3 c6 5. e3 Bd6 6. Qc2 Nbd7 7. Bd3 a6 8. O-O
O-O 9. Rd1 Qe7 10. c5 Bc7 11. e4 dxe4 12. Nxe4 h6 13. Re1 Nd5 14. Bd2 Re8 15.
Ng3 Qf8 16. Re2 f5 17. Rae1 N7f6 18. b4 Bd7 19. a4 Qf7 20. Qb3 Nh5 21. Bc4 Nhf4
22. Bxf4 Nxf4 23. Rb2 Nd5 24. Ne5 Bxe5 25. Rxe5 Kh8 26. Qf3 Qg6 27. Ne2 Qg5 28.
g3 Rad8 29. h4 Qf6 30. Nc1 Bc8 31. Bxd5 exd5 32. Nd3 Rxe5 33. Nxe5 f4 34. Qxf4
Qxf4 35. Ng6+ Kg8 36. Nxf4 Re8 37. b5 axb5 38. axb5 Bd7 39. bxc6 bxc6 40. Nd3
Ra8 41. Ne5 Bf5 42. Nxc6 Be6 43. Rb8+ Rxb8 44. Nxb8 Kf7 45. Nc6 1-0

[Event "BRA-ch U20"]
[Site "Campinas"]
[Date "2011.04.23"]
[Round "5"]
[White "Uczai, Joao Pedro Filimber"]
[Black "Barbosa, Evandro Amorim"]
[Result "0-1"]
[WhiteElo "2052"]
[BlackElo "2319"]
[PlyCount "95"]
[EventDate "2011.04.21"]
[EventType "swiss"]
[EventRounds "8"]
[EventCountry "BRA"]
[SourceTitle "CBM 142 Extra"]
[Source "ChessBase"]
[SourceDate "2011.06.27"]
[SourceVersion "1"]
[SourceVersionDate "2011.06.27"]
[SourceQuality "1"]

1. e4 c5 2. Nf3 e6 3. d4 cxd4 4. Nxd4 Nc6 5. Nc3 Qc7 6. Be2 a6 7. a3 Nf6 8. Be3
Be7 9. f4 d6 10. O-O O-O 11. Qe1 Nxd4 12. Bxd4 b5 13. Qg3 Bb7 14. Rae1 g6 15.
Bd3 Nh5 16. Qh3 e5 17. Be3 Nxf4 18. Bxf4 exf4 19. Nd5 Bxd5 20. exd5 Bf6 21. c3
Be5 22. Kh1 Qc5 23. Bc2 a5 24. Qd3 Rab8 25. Rc1 Rfc8 26. Qd2 Kg7 27. Be4 Rc7
28. b4 Qb6 29. c4 axb4 30. Qxb4 bxc4 31. Rxc4 Qxb4 32. Rxb4 Rxb4 33. axb4 Rc4
34. Bf3 Rxb4 35. h3 Bd4 36. Rd1 Be3 37. Kh2 f5 38. Ra1 g5 39. Ra2 Rb1 40. g4
fxg3+ 41. Kxg3 Kg6 42. Kh2 h5 43. Ra8 g4 44. hxg4 hxg4 45. Bh1 Kg5 46. Rg8+ Kf4
47. Ra8 g3+ 48. Kg2 0-1

[Event "BRA-ch U20"]
[Site "Campinas"]
[Date "2011.04.23"]
[Round "6"]
[White "Barbosa, Evandro Amorim"]
[Black "Aguiar, Lucas Teodoro Barbo"]
[Result "1/2-1/2"]
[WhiteElo "2319"]
[BlackElo "2142"]
[PlyCount "84"]
[EventDate "2011.04.21"]
[EventType "swiss"]
[EventRounds "8"]
[EventCountry "BRA"]
[SourceTitle "CBM 142 Extra"]
[Source "ChessBase"]
[SourceDate "2011.06.27"]
[SourceVersion "1"]
[SourceVersionDate "2011.06.27"]
[SourceQuality "1"]

1. e4 e5 2. Nf3 Nc6 3. Bb5 a6 4. Ba4 Nf6 5. O-O Be7 6. Re1 b5 7. Bb3 d6 8. c3
O-O 9. h3 Bb7 10. d4 Re8 11. Nbd2 Bf8 12. d5 Nb8 13. Nf1 h6 14. N3h2 c6 15.
dxc6 Bxc6 16. Ng3 Nbd7 17. Ng4 Nc5 18. Nxf6+ Qxf6 19. Bd5 Rac8 20. Be3 g6 21.
Qd2 Bxd5 22. Qxd5 Qe6 23. Red1 h5 24. Bxc5 Rxc5 25. Qd3 Rd8 26. a4 Qb3 27. axb5
axb5 28. Qd2 f6 29. Qe2 b4 30. cxb4 Rc2 31. Rd2 Rxd2 32. Qxd2 d5 33. exd5 Rxd5
34. Qe2 Qd3 35. Qxd3 Rxd3 36. Ne4 Rd4 37. Nxf6+ Kf7 38. Nh7 Be7 39. Ra7 Ke6 40.
Ra6+ Kf7 41. Ra7 Ke6 42. Ra6+ Kf7 1/2-1/2

[Event "BRA-ch Center East"]
[Site "Brazil"]
[Date "2011.06.22"]
[Round "1"]
[White "Barbosa, Edinardo Meireles"]
[Black "Damasceno, Marlos de Almedia"]
[Result "0-1"]
[WhiteElo "1791"]
[BlackElo "2167"]
[PlyCount "52"]
[EventDate "2011.06.22"]
[EventType "swiss"]
[EventRounds "7"]
[EventCountry "BRA"]
[SourceTitle "EXT 2013"]
[Source "ChessBase"]
[SourceDate "2012.11.22"]
[SourceVersion "1"]
[SourceVersionDate "2012.11.22"]
[SourceQuality "1"]

1. e4 Nc6 2. Nf3 d6 3. d4 Bg4 4. Nc3 Nf6 5. Bc4 e5 6. d5 Ne7 7. Bg5 a6 8. a4
Ng6 9. h3 Bd7 10. O-O Be7 11. Qd3 O-O 12. Ne2 Rb8 13. b4 Nxd5 14. Bd2 Nb6 15.
Bb3 c5 16. bxc5 dxc5 17. a5 c4 18. Qe3 cxb3 19. Qxb6 Qxb6 20. axb6 bxc2 21.
Rfc1 Rbc8 22. Nc3 f5 23. Nd5 Bc5 24. Bc3 fxe4 25. Nxe5 Nxe5 26. Bxe5 Rf5 0-1

[Event "BRA-ch Center East"]
[Site "Brazil"]
[Date "2011.06.25"]
[Round "5"]
[White "Barbosa, Edinardo Meireles"]
[Black "Magalhaes, Sebastiao Silva Jr"]
[Result "1-0"]
[WhiteElo "1791"]
[BlackElo "1778"]
[PlyCount "35"]
[EventDate "2011.06.22"]
[EventType "swiss"]
[EventRounds "7"]
[EventCountry "BRA"]
[SourceTitle "EXT 2013"]
[Source "ChessBase"]
[SourceDate "2012.11.22"]
[SourceVersion "1"]
[SourceVersionDate "2012.11.22"]
[SourceQuality "1"]

1. e4 e5 2. f4 exf4 3. Nf3 g5 4. h4 g4 5. Ne5 Qe7 6. d4 d6 7. Nxg4 Qxe4+ 8. Qe2
Qxe2+ 9. Bxe2 h5 10. Nf2 Bh6 11. Bxh5 Nf6 12. Bf3 d5 13. Nc3 c6 14. Ne2 Bf5 15.
c3 Nbd7 16. Bxf4 O-O-O 17. Bxh6 Rxh6 18. g4 1-0

[Event "BRA-ch Center East"]
[Site "Brazil"]
[Date "2011.06.25"]
[Round "6"]
[White "Ribeiro, Valdir Uchoa Jr"]
[Black "Barbosa, Edinardo Meireles"]
[Result "1-0"]
[WhiteElo "1924"]
[BlackElo "1791"]
[PlyCount "47"]
[EventDate "2011.06.22"]
[EventType "swiss"]
[EventRounds "7"]
[EventCountry "BRA"]
[SourceTitle "EXT 2013"]
[Source "ChessBase"]
[SourceDate "2012.11.22"]
[SourceVersion "1"]
[SourceVersionDate "2012.11.22"]
[SourceQuality "1"]

1. e4 c5 2. Nf3 e6 3. d4 cxd4 4. Nxd4 Qb6 5. Nc3 a6 6. Be2 Bc5 7. Na4 Qa5+ 8.
c3 Bxd4 9. Qxd4 Nf6 10. Nb6 Nc6 11. Qe3 Rb8 12. f4 e5 13. O-O exf4 14. Rxf4 Qe5
15. Nc4 Qc7 16. e5 Nd5 17. Qf3 Nxf4 18. Nd6+ Kf8 19. Qxf4 Nd8 20. Be3 Qc6 21.
Rf1 Qd5 22. Bc4 g5 23. Qxg5 Rg8 24. Qxd8+ 1-0

[Event "BRA-ch Center East"]
[Site "Brazil"]
[Date "2011.06.26"]
[Round "7"]
[White "Serra Azul Neto, Francisco"]
[Black "Barbosa, Edinardo Meireles"]
[Result "1-0"]
[WhiteElo "1960"]
[BlackElo "1791"]
[PlyCount "59"]
[EventDate "2011.06.22"]
[EventType "swiss"]
[EventRounds "7"]
[EventCountry "BRA"]
[SourceTitle "EXT 2013"]
[Source "ChessBase"]
[SourceDate "2012.11.22"]
[SourceVersion "1"]
[SourceVersionDate "2012.11.22"]
[SourceQuality "1"]

1. Nf3 c5 2. g3 Nf6 3. Bg2 e6 4. O-O d5 5. d4 Nc6 6. b3 Be7 7. Bb2 b5 8. dxc5
Bxc5 9. c4 bxc4 10. bxc4 O-O 11. cxd5 exd5 12. Qc2 Qd6 13. Bxf6 gxf6 14. Rc1
Bd4 15. Nxd4 Nxd4 16. Qd1 Qe5 17. Nc3 Ba6 18. e3 Ne6 19. Nxd5 Rad8 20. Qf3 Kg7
21. Rab1 Ng5 22. Qg4 Bc8 23. Qc4 Rfe8 24. f4 Nh3+ 25. Bxh3 Qxd5 26. Qxd5 Rxd5
27. Rxc8 Rxe3 28. Rc2 h5 29. Rb7 h4 30. Kg2 1-0

[Event "Araruama zt 2.4 playoff"]
[Site "Araruama"]
[Date "2011.06.26"]
[Round "1.1"]
[White "Barbosa, Evandro Amorim"]
[Black "Di Berardino, Diego Rafael"]
[Result "0-1"]
[WhiteElo "2343"]
[BlackElo "2480"]
[PlyCount "100"]
[EventDate "2011.06.26"]
[EventType "match (rapid)"]
[EventRounds "4"]
[EventCountry "BRA"]
[SourceTitle "EXT 2012"]
[Source "ChessBase"]
[SourceDate "2011.11.24"]
[SourceVersion "1"]
[SourceVersionDate "2011.11.24"]
[SourceQuality "1"]

1. e4 c5 2. Nf3 d6 3. d4 cxd4 4. Nxd4 Nf6 5. Nc3 a6 6. Be3 e5 7. Nb3 Be6 8. Qd2
Be7 9. O-O-O Nbd7 10. f4 exf4 11. Bxf4 Ne5 12. Kb1 O-O 13. Nd4 Qc7 14. Be2 b5
15. Nf5 b4 16. Nxe7+ Qxe7 17. Nd5 Bxd5 18. exd5 Rab8 19. Qe3 Rfe8 20. Rhf1 Qc7
21. Qd4 a5 22. Bd3 Nfd7 23. Bg3 a4 24. Rc1 Nc5 25. Bf5 Ncd7 26. Rf4 Nf8 27. Re4
Nfg6 28. h4 h5 29. Bf2 Ne7 30. Bh3 N7g6 31. Bf5 Ne7 32. Bh3 N7g6 33. g3 Nf3 34.
Rxe8+ Rxe8 35. Qxb4 Re2 36. Bb6 Qe7 37. a3 Qe5 38. Qxa4 Qxd5 39. Ka1 Qd2 40.
Rb1 Nge5 41. Bf1 Re1 42. Qe8+ Kh7 43. Qb5 Qxc2 44. Rxe1 Nxe1 45. Ka2 Qd1 46.
Qb3 Nc2 47. Qb5 g6 48. a4 Nc6 49. Ba5 Qa1+ 50. Kb3 N6d4+ 0-1

[Event "Araruama zt 2.4 playoff"]
[Site "Araruama"]
[Date "2011.06.26"]
[Round "2.1"]
[White "Di Berardino, Diego Rafael"]
[Black "Barbosa, Evandro Amorim"]
[Result "1-0"]
[WhiteElo "2480"]
[BlackElo "2343"]
[PlyCount "107"]
[EventDate "2011.06.26"]
[EventType "match (rapid)"]
[EventRounds "4"]
[EventCountry "BRA"]
[SourceTitle "EXT 2012"]
[Source "ChessBase"]
[SourceDate "2011.11.24"]
[SourceVersion "1"]
[SourceVersionDate "2011.11.24"]
[SourceQuality "1"]

1. d4 Nf6 2. c4 g6 3. Nc3 d5 4. Nf3 Bg7 5. Qb3 dxc4 6. Qxc4 O-O 7. e4 a6 8. Be2
b5 9. Qb3 c5 10. dxc5 Be6 11. Qc2 Nbd7 12. Be3 Rc8 13. O-O b4 14. Na4 Qa5 15.
Ng5 Rc6 16. Nxe6 Rxe6 17. f3 Rc8 18. Rfd1 Rec6 19. Qb3 e6 20. Kh1 Bf8 21. Nb6
Nxb6 22. cxb6 Bc5 23. Bxc5 Rxc5 24. a3 Qxb6 25. Qxb4 Qa7 26. Qd4 e5 27. Qe3 Qe7
28. Bxa6 R8c6 29. Bf1 Nh5 30. Rac1 Kg7 31. Rxc5 Rxc5 32. Rc1 Ra5 33. g3 Ra8 34.
Bc4 Nf6 35. Bd5 Rb8 36. b4 h5 37. Qc5 Qe8 38. Qc7 Nxd5 39. exd5 e4 40. Re1 Rc8
41. Qf4 Qa4 42. fxe4 Rc2 43. Rf1 Qd7 44. Rf2 Rc4 45. Qe5+ Kh7 46. Kg2 h4 47.
gxh4 Qg4+ 48. Qg3 Qxe4+ 49. Qf3 Qxh4 50. Qxf7+ Kh6 51. Qf8+ Kg5 52. Qe7+ Kh6
53. Qxh4+ Rxh4 54. Rd2 1-0

[Event "Araruama zt 2.4 playoff"]
[Site "Araruama"]
[Date "2011.06.26"]
[Round "3.1"]
[White "Barbosa, Evandro Amorim"]
[Black "Di Berardino, Diego Rafael"]
[Result "1-0"]
[WhiteElo "2343"]
[BlackElo "2480"]
[PlyCount "81"]
[EventDate "2011.06.26"]
[EventType "match (rapid)"]
[EventRounds "4"]
[EventCountry "BRA"]
[SourceTitle "EXT 2012"]
[Source "ChessBase"]
[SourceDate "2011.11.24"]
[SourceVersion "1"]
[SourceVersionDate "2011.11.24"]
[SourceQuality "1"]

1. d4 Nf6 2. c4 e6 3. Nc3 Bb4 4. Qc2 O-O 5. a3 Bxc3+ 6. Qxc3 b6 7. Bg5 Ba6 8.
e3 d6 9. Bd3 Nbd7 10. b4 c5 11. Ne2 Rc8 12. dxc5 bxc5 13. b5 Bb7 14. O-O d5 15.
a4 Qc7 16. Qc2 h6 17. Bf4 Qd8 18. Bg3 Re8 19. Rfd1 Nh5 20. a5 Nxg3 21. hxg3 Qf6
22. Nf4 Ne5 23. Be2 d4 24. exd4 cxd4 25. c5 Ba8 26. Rac1 Qd8 27. Qa4 g5 28.
Rxd4 Qe7 29. Nh5 Bd5 30. c6 a6 31. f4 axb5 32. Bxb5 Ng6 33. c7 Rf8 34. Bd7 gxf4
35. Bxc8 Rxc8 36. Qa1 f5 37. Qc3 f3 38. Rb4 f2+ 39. Kxf2 f4 40. Rb8 fxg3+ 41.
Kg1 1-0

[Event "Araruama zt 2.4 playoff"]
[Site "Araruama"]
[Date "2011.06.26"]
[Round "4.1"]
[White "Di Berardino, Diego Rafael"]
[Black "Barbosa, Evandro Amorim"]
[Result "1-0"]
[WhiteElo "2480"]
[BlackElo "2343"]
[PlyCount "79"]
[EventDate "2011.06.26"]
[EventType "match (rapid)"]
[EventRounds "4"]
[EventCountry "BRA"]
[SourceTitle "EXT 2012"]
[Source "ChessBase"]
[SourceDate "2011.11.24"]
[SourceVersion "1"]
[SourceVersionDate "2011.11.24"]
[SourceQuality "1"]

1. d4 Nf6 2. c4 c5 3. d5 e6 4. Nc3 exd5 5. cxd5 d6 6. e4 g6 7. h3 Bg7 8. Nf3
O-O 9. Bd3 a6 10. a4 Re8 11. O-O Nh5 12. Re1 Nd7 13. Rb1 Ne5 14. Be2 Nxf3+ 15.
Bxf3 Qh4 16. Bxh5 gxh5 17. Bd2 f5 18. Qf3 Rf8 19. Rbd1 f4 20. Ne2 Be5 21. Bc3
Bg4 22. hxg4 hxg4 23. Qd3 f3 24. Bxe5 fxg2 25. Ng3 Rf3 26. Bxd6 Rxd3 27. Rxd3
Qh3 28. f3 c4 29. Rc3 Rd8 30. Be5 Rf8 31. f4 b5 32. Re2 b4 33. Rce3 Rc8 34.
Rxg2 c3 35. bxc3 bxc3 36. Bxc3 Rb8 37. Nf1 Qh5 38. Reg3 Rb1 39. Rxg4+ Kf8 40.
Be5 1-0

[Event "Maringa op"]
[Site "Maringa"]
[Date "2011.07.01"]
[Round "2"]
[White "Barbosa, Evandro Amorim"]
[Black "Guimaraes, Ricardo Alves"]
[Result "1-0"]
[WhiteElo "2343"]
[BlackElo "2032"]
[PlyCount "65"]
[EventDate "2011.06.30"]
[EventType "swiss"]
[EventRounds "7"]
[EventCountry "BRA"]
[SourceTitle "EXT 2014"]
[Source "ChessBase"]
[SourceDate "2013.11.20"]
[SourceVersion "1"]
[SourceVersionDate "2013.11.20"]
[SourceQuality "1"]

1. d4 d5 2. c4 dxc4 3. Nf3 Nf6 4. e3 Bg4 5. Bxc4 e6 6. Qb3 Qc8 7. Ne5 Bf5 8.
O-O Nbd7 9. Nc3 Be7 10. Bd2 O-O 11. Rac1 c6 12. f3 Nxe5 13. dxe5 Nd7 14. e4 Bg6
15. Be2 Nc5 16. Qc2 f5 17. exf6 Bxf6 18. Be3 Nd7 19. Rfd1 e5 20. Bc4+ Kh8 21.
Be6 Rd8 22. Qd2 Qb8 23. Qf2 Nf8 24. Bb3 Rxd1+ 25. Rxd1 b6 26. Qe2 Qb7 27. Qc4
Nd7 28. Rd6 Nc5 29. Bxc5 bxc5 30. Qxc5 Rc8 31. Be6 Rb8 32. Rxc6 Bd8 33. Qf8#
1-0

[Event "Maringa op"]
[Site "Maringa"]
[Date "2011.07.01"]
[Round "3"]
[White "Rodrigues, Tiago Pereira"]
[Black "Barbosa, Evandro Amorim"]
[Result "1/2-1/2"]
[WhiteElo "2122"]
[BlackElo "2343"]
[PlyCount "26"]
[EventDate "2011.06.30"]
[EventType "swiss"]
[EventRounds "7"]
[EventCountry "BRA"]
[SourceTitle "EXT 2014"]
[Source "ChessBase"]
[SourceDate "2013.11.20"]
[SourceVersion "1"]
[SourceVersionDate "2013.11.20"]
[SourceQuality "1"]

1. d4 Nf6 2. Nf3 g6 3. Bg5 Bg7 4. c4 O-O 5. Nc3 d6 6. e4 h6 7. Bh4 Na6 8. Be2
c5 9. d5 Nh5 10. O-O g5 11. Bg3 Nxg3 12. hxg3 Nc7 13. Qd2 a6 1/2-1/2

[Event "Maringa op"]
[Site "Maringa"]
[Date "2011.07.02"]
[Round "4"]
[White "Barbosa, Evandro Amorim"]
[Black "Borges, Guilherme Deola"]
[Result "1/2-1/2"]
[WhiteElo "2343"]
[BlackElo "2146"]
[PlyCount "88"]
[EventDate "2011.06.30"]
[EventType "swiss"]
[EventRounds "7"]
[EventCountry "BRA"]
[SourceTitle "EXT 2014"]
[Source "ChessBase"]
[SourceDate "2013.11.20"]
[SourceVersion "1"]
[SourceVersionDate "2013.11.20"]
[SourceQuality "1"]

1. d4 d5 2. c4 e6 3. Nc3 c5 4. cxd5 exd5 5. Nf3 Nc6 6. g3 Nf6 7. Bg2 Be7 8. O-O
O-O 9. dxc5 d4 10. Na4 h6 11. a3 Bf5 12. Ne1 Qd7 13. b4 Rfe8 14. Bb2 Rad8 15.
Nd3 Nd5 16. b5 Na5 17. Nb4 Nxb4 18. axb4 Nc4 19. c6 Qd6 20. Ba3 Nxa3 21. Rxa3
Qxb4 22. Ra2 Qxb5 23. cxb7 Bb4 24. Qc1 Rxe2 25. Bc6 Qa6 26. Rxe2 Qxe2 27. Qf4
Bh3 28. Ra1 Be1 29. Bg2 Bxg2 30. Kxg2 Qe8 31. Rxe1 Qxe1 32. b8=Q Rxb8 33. Qxb8+
Kh7 34. Qf4 Qb4 35. Qf5+ Kg8 36. Qc8+ Kh7 37. Qc2+ Kg8 38. Nc5 a5 39. Nd3 Qb5
40. Nb2 Qb4 41. Qc8+ Kh7 42. Qf5+ Kg8 43. Nd3 Qb3 44. Nc5 Qc4 1/2-1/2

[Event "Maringa op"]
[Site "Maringa"]
[Date "2011.07.02"]
[Round "5"]
[White "Mafra, Kaiser Luiz"]
[Black "Barbosa, Evandro Amorim"]
[Result "1/2-1/2"]
[WhiteElo "2148"]
[BlackElo "2343"]
[PlyCount "133"]
[EventDate "2011.06.30"]
[EventType "swiss"]
[EventRounds "7"]
[EventCountry "BRA"]
[SourceTitle "EXT 2014"]
[Source "ChessBase"]
[SourceDate "2013.11.20"]
[SourceVersion "1"]
[SourceVersionDate "2013.11.20"]
[SourceQuality "1"]

1. d4 Nf6 2. Nc3 d5 3. Bg5 Nbd7 4. e4 dxe4 5. f3 c6 6. Bc4 e3 7. Qe2 Nb6 8. Bb3
Nbd5 9. Bxf6 Nxc3 10. bxc3 gxf6 11. Qxe3 Rg8 12. Kf2 Bf5 13. Ne2 e6 14. Ng3 Qa5
15. Nxf5 Qxf5 16. Qe4 Qg6 17. Qxg6 hxg6 18. Rad1 O-O-O 19. Rhe1 Rh8 20. Kg1 Rh5
21. g3 Bd6 22. Kg2 f5 23. Rh1 g5 24. h3 Rdh8 25. Bc4 f4 26. g4 R5h6 27. Bf1 Rd8
28. c4 Ba3 29. Rd3 Bb2 30. c3 c5 31. dxc5 Rhh8 32. Kf2 Rxd3 33. Bxd3 Bxc3 34.
Ke2 Bd4 35. c6 bxc6 36. Be4 Kc7 37. Kd3 Be3 38. Kc2 Bf2 39. Rf1 Bd4 40. Kd3 Be5
41. Rh1 Kd6 42. c5+ Kc7 43. Kc4 Bf6 44. Rb1 Rd8 45. Rb4 Rd1 46. Ra4 Rc1+ 47.
Kd3 Kb7 48. Rb4+ Ka6 49. Ra4+ Kb7 50. Rb4+ Kc7 51. Ra4 Rxc5 52. Rxa7+ Kd6 53.
Rxf7 Be7 54. Rg7 Rc1 55. Kd2 Ra1 56. Bxc6 Rxa2+ 57. Kd3 Ra3+ 58. Ke2 Re3+ 59.
Kf2 Bf6 60. Rf7 Bd4 61. Rd7+ Ke5 62. Bb7 Bc3 63. Rd1 Bd4 64. Re1 Bc5 65. Rxe3+
fxe3+ 66. Ke2 Kf4 67. Bc8 1/2-1/2

[Event "Maringa op"]
[Site "Maringa"]
[Date "2011.07.03"]
[Round "6"]
[White "Barbosa, Evandro Amorim"]
[Black "Ferreira, Euclides Roberto"]
[Result "1-0"]
[WhiteElo "2343"]
[BlackElo "2091"]
[PlyCount "95"]
[EventDate "2011.06.30"]
[EventType "swiss"]
[EventRounds "7"]
[EventCountry "BRA"]
[SourceTitle "EXT 2014"]
[Source "ChessBase"]
[SourceDate "2013.11.20"]
[SourceVersion "1"]
[SourceVersionDate "2013.11.20"]
[SourceQuality "1"]

1. e4 c5 2. Nf3 d6 3. d4 cxd4 4. Nxd4 Nf6 5. Nc3 g6 6. Be3 Bg7 7. f3 O-O 8. Qd2
Nc6 9. Bc4 Bd7 10. O-O-O Rb8 11. Bb3 Na5 12. Bh6 b5 13. Bxg7 Kxg7 14. Nd5 Nxd5
15. exd5 Nc4 16. Bxc4 bxc4 17. Qc3 Kg8 18. h4 Qb6 19. h5 Qb4 20. hxg6 fxg6 21.
Qxb4 Rxb4 22. Rhe1 Kf7 23. Re4 Ra4 24. Rde1 Re8 25. Kb1 Ra5 26. Ne6 Bxe6 27.
dxe6+ Kf6 28. Rxc4 Re5 29. Rxe5 dxe5 30. Ra4 Kxe6 31. Rxa7 e4 32. Ra3 Kf5 33.
Re3 exf3 34. Rxf3+ Kg4 35. Kc1 e5 36. Kd2 e4 37. Re3 Kf4 38. a4 h5 39. b4 h4
40. a5 g5 41. Ra3 g4 42. a6 g3 43. a7 h3 44. b5 hxg2 45. Ra1 Kf3 46. b6 e3+ 47.
Kc3 e2 48. b7 1-0

[Event "Maringa op"]
[Site "Maringa"]
[Date "2011.07.03"]
[Round "7"]
[White "Camargo, Mateus De"]
[Black "Barbosa, Evandro Amorim"]
[Result "0-1"]
[WhiteElo "2072"]
[BlackElo "2343"]
[PlyCount "86"]
[EventDate "2011.06.30"]
[EventType "swiss"]
[EventRounds "7"]
[EventCountry "BRA"]
[SourceTitle "EXT 2014"]
[Source "ChessBase"]
[SourceDate "2013.11.20"]
[SourceVersion "1"]
[SourceVersionDate "2013.11.20"]
[SourceQuality "1"]

1. e4 c5 2. Nf3 e6 3. d4 cxd4 4. Nxd4 Nc6 5. Nb5 d6 6. c4 Nf6 7. N1c3 a6 8. Na3
b6 9. Be2 Bb7 10. O-O Be7 11. Be3 O-O 12. f3 Re8 13. Nc2 Rc8 14. Qd2 Ne5 15. b3
Qc7 16. Bd4 Ned7 17. Rac1 Bf8 18. Rfd1 Qb8 19. Bf1 h6 20. Be3 Qa8 21. Kh1 Bc6
22. Nd4 Bb7 23. Qf2 d5 24. exd5 exd5 25. Nf5 Re5 26. Bd3 dxc4 27. bxc4 Rce8 28.
Qg3 Kh8 29. Bd4 R5e6 30. Qh3 Ne5 31. Bf1 Kg8 32. Na4 Nfd7 33. Nc3 Nf6 34. Na4
Ned7 35. Qg3 g6 36. Bb2 Ne5 37. Nd4 Nh5 38. Qf2 Rf6 39. Ne2 Ng4 40. Qg1 Rxf3
41. Nxb6 Nf2+ 42. Qxf2 Rxf2 43. Nxa8 Bxa8 0-1

[Event "Pindamonhangaba op"]
[Site "Pindamonhangaba"]
[Date "2011.07.15"]
[Round "1"]
[White "Alves, Sidney David"]
[Black "Barbosa, Evandro Amorim"]
[Result "0-1"]
[WhiteElo "1538"]
[BlackElo "2343"]
[PlyCount "30"]
[EventDate "2011.07.15"]
[EventType "swiss"]
[EventRounds "5"]
[EventCountry "BRA"]
[SourceTitle "EXT 2014"]
[Source "ChessBase"]
[SourceDate "2013.11.20"]
[SourceVersion "1"]
[SourceVersionDate "2013.11.20"]
[SourceQuality "1"]

1. d4 Nf6 2. c4 g6 3. g3 Bg7 4. Bg2 d5 5. Nf3 dxc4 6. Qa4+ Nfd7 7. Qxc4 Nb6 8.
Qd3 Nc6 9. e3 e5 10. Nbd2 exd4 11. Qe4+ Be6 12. Ng5 Qxg5 13. Nb3 O-O 14. exd4
Qd8 15. Be3 Bd5 0-1

[Event "Pindamonhangaba op"]
[Site "Pindamonhangaba"]
[Date "2011.07.15"]
[Round "2"]
[White "Barbosa, Evandro Amorim"]
[Black "Barbosa, Fernando"]
[Result "1/2-1/2"]
[WhiteElo "2343"]
[BlackElo "2077"]
[PlyCount "47"]
[EventDate "2011.07.15"]
[EventType "swiss"]
[EventRounds "5"]
[EventCountry "BRA"]
[SourceTitle "EXT 2014"]
[Source "ChessBase"]
[SourceDate "2013.11.20"]
[SourceVersion "1"]
[SourceVersionDate "2013.11.20"]
[SourceQuality "1"]

1. e4 e5 2. Nf3 Nc6 3. Bb5 a6 4. Ba4 Nf6 5. O-O Nxe4 6. d4 b5 7. Bb3 d5 8. dxe5
Be6 9. Nbd2 Bc5 10. Qe2 Bf5 11. a4 Rb8 12. axb5 axb5 13. Nxe4 Bxe4 14. Rd1 O-O
15. Bf4 Bxf3 16. Qxf3 Nd4 17. Qe3 Ne6 18. Qg3 Nxf4 19. Qxf4 c6 20. Re1 Qc7 21.
Qf5 Rbe8 22. c3 Re6 23. Kf1 g6 24. Qg5 1/2-1/2

[Event "Pindamonhangaba op"]
[Site "Pindamonhangaba"]
[Date "2011.07.15"]
[Round "3"]
[White "Rovai, Pedro Henrique"]
[Black "Barbosa, Evandro Amorim"]
[Result "0-1"]
[WhiteElo "2076"]
[BlackElo "2343"]
[PlyCount "111"]
[EventDate "2011.07.15"]
[EventType "swiss"]
[EventRounds "5"]
[EventCountry "BRA"]
[SourceTitle "EXT 2014"]
[Source "ChessBase"]
[SourceDate "2013.11.20"]
[SourceVersion "1"]
[SourceVersionDate "2013.11.20"]
[SourceQuality "1"]

1. e4 c5 2. c3 Nf6 3. e5 Nd5 4. d4 cxd4 5. cxd4 e6 6. Nf3 d6 7. Bc4 Nb6 8. Bd3
dxe5 9. dxe5 Na6 10. Bg5 Be7 11. Bxe7 Qxe7 12. O-O Nc5 13. Bc2 Nd5 14. a3 a5
15. Qd4 O-O 16. Nbd2 Bd7 17. Rac1 Rac8 18. Qg4 h6 19. Ne4 Nxe4 20. Qxe4 g6 21.
h4 h5 22. Ng5 Bb5 23. Bd3 Bc6 24. Bb1 Rfd8 25. Rfd1 Nc3 26. Rxd8+ Qxd8 27. Qe3
Qd5 28. f3 Nxb1 29. Rxb1 Rd8 30. Re1 Qd4 31. Qf2 Kg7 32. Re2 Bb5 33. Qxd4 Rxd4
34. Rc2 Bc6 35. g3 Rd5 36. f4 Rd3 37. Kf2 Kf8 38. Re2 Ke7 39. Re3 Rd2+ 40. Re2
Rd3 41. Re3 Rd5 42. Re2 Rb5 43. Rd2 Rb3 44. Re2 a4 45. Rc2 f6 46. exf6+ Kxf6
47. Re2 Bd5 48. Rd2 b6 49. Re2 b5 50. Rc2 Kf5 51. Re2 Kg4 52. Nxe6 Bc4 53. Nd4
Bxe2 54. Nxb3 axb3 55. Kxe2 Kxg3 56. Ke3 0-1

[Event "Pindamonhangaba op"]
[Site "Pindamonhangaba"]
[Date "2011.07.17"]
[Round "4"]
[White "Barbosa, Evandro Amorim"]
[Black "Quintiliano Pinto, Renato Rodrigues"]
[Result "1/2-1/2"]
[WhiteElo "2343"]
[BlackElo "2252"]
[PlyCount "73"]
[EventDate "2011.07.15"]
[EventType "swiss"]
[EventRounds "5"]
[EventCountry "BRA"]
[SourceTitle "EXT 2014"]
[Source "ChessBase"]
[SourceDate "2013.11.20"]
[SourceVersion "1"]
[SourceVersionDate "2013.11.20"]
[SourceQuality "1"]

1. d4 d5 2. c4 c6 3. Nc3 dxc4 4. e4 b5 5. a4 b4 6. Na2 Nf6 7. e5 Nd5 8. Bxc4 e6
9. Nf3 Be7 10. O-O O-O 11. Bd2 a5 12. Nc1 Ba6 13. Qe2 Nb6 14. Bxa6 Nxa6 15. Nd3
c5 16. dxc5 Nxc5 17. Nxc5 Bxc5 18. Qb5 Be7 19. Rac1 Nd5 20. Nd4 Rb8 21. Nc6
Rxb5 22. Nxd8 Rb6 23. Nc6 Ra8 24. Rc4 Bf8 25. Rfc1 Rb7 26. Be3 Rc7 27. Kf1 h6
28. Ke2 Kh7 29. f4 Rd7 30. g4 Be7 31. Kf3 Bd8 32. Bd4 Bb6 33. b3 Bxd4 34. Rxd4
Rc7 35. Rdc4 Nb6 36. R4c2 Rd7 37. Ke4 1/2-1/2